<?xml version="1.0" encoding="UTF-8"?>
<collection xmlns="http://www.loc.gov/MARC21/slim">
 <record>
  <leader>02914nam a2200289 a 4500</leader>
  <controlfield tag="001">1/44725</controlfield>
  <controlfield tag="008">140627s2001    us            001 0 eng  </controlfield>
  <datafield tag="020" ind1=" " ind2=" ">
   <subfield code="a">9781928994800</subfield>
  </datafield>
  <datafield tag="020" ind1=" " ind2=" ">
   <subfield code="a">1928994806</subfield>
  </datafield>
  <datafield tag="035" ind1=" " ind2=" ">
   <subfield code="l">47679</subfield>
  </datafield>
  <datafield tag="040" ind1=" " ind2=" ">
   <subfield code="a">OPELS</subfield>
   <subfield code="b">eng</subfield>
   <subfield code="c">OPELS</subfield>
   <subfield code="d">OCLCQ</subfield>
   <subfield code="d">ZMC</subfield>
   <subfield code="d">OCLCQ</subfield>
   <subfield code="d">BWZ</subfield>
   <subfield code="d">OCLCO</subfield>
   <subfield code="d">OCLCA</subfield>
   <subfield code="d">OCLCF</subfield>
   <subfield code="d">GR-PeUP</subfield>
   <subfield code="d">GR-PeUP</subfield>
  </datafield>
  <datafield tag="245" ind1="0" ind2="0">
   <subfield code="a">Configuring and troubleshooting Windows XP Professional</subfield>
   <subfield code="h">[electronic resource] /</subfield>
   <subfield code="c">Brian Barber ... [et al.] ; Martin Grasdal, technical editor.</subfield>
  </datafield>
  <datafield tag="246" ind1="3" ind2=" ">
   <subfield code="a">Windows XP Professional</subfield>
  </datafield>
  <datafield tag="260" ind1=" " ind2=" ">
   <subfield code="a">Rockland, Mass. :</subfield>
   <subfield code="b">Syngress Pub.,</subfield>
   <subfield code="c">2001.</subfield>
  </datafield>
  <datafield tag="300" ind1=" " ind2=" ">
   <subfield code="a">1 online resource (xxxiv, 776 p.) :</subfield>
   <subfield code="b">ill.</subfield>
  </datafield>
  <datafield tag="505" ind1="0" ind2="0">
   <subfield code="t">Next Generation Windows --</subfield>
   <subfield code="t">Installing Windows XP Professional --</subfield>
   <subfield code="t">Exploring the Windows XP User Interface --</subfield>
   <subfield code="t">Managing Windows XP Professional --</subfield>
   <subfield code="t">Working with System Tools --</subfield>
   <subfield code="t">Windows XP Networking --</subfield>
   <subfield code="t">Configuring Internet Technologies --</subfield>
   <subfield code="t">Adding New Hardware and Software --</subfield>
   <subfield code="t">Using the Communication Tools --</subfield>
   <subfield code="t">Using the Control Panel --</subfield>
   <subfield code="t">Understanding Windows XP Security --</subfield>
   <subfield code="t">Using IntelliMirror Technologies --</subfield>
   <subfield code="t">Working with Printers --</subfield>
   <subfield code="t">Troubleshooting Windows XP --</subfield>
   <subfield code="t">Best Practice Disaster Recovery and Prevention.</subfield>
  </datafield>
  <datafield tag="520" ind1=" " ind2=" ">
   <subfield code="a">In October of 2001, Microsoft will begin its most expensive market launch ever for Windows XP With the promise of a market launch twice the size of the one for Windows 95, Microsoft will undoubtedly drive enormous demand for its Windows XP desktop operating system. Many corporate and small business users have waited to upgrade from Windows 9x, and they now see WinXP as the stable, second generation of Windows 2000 Professional. Syngress's Windows 2000 books were the first out on the market when W2K was released and quickly became bestsellers. Configuring and Troubleshooting Windows XP Professional aims to be the the first book available on this new product. Designed to compete directly with books such as Mastering Windows 2000 Professional, by Mark Minasi, Configuring and Troubleshooting Windows XP Professional is comprehensive guide for system administrators and network engineers responsible for deploying Windows XP Professional across the network. The first Windows XP Professional book on the market Not 'for Dummies' - this is an essential reference guide for certified Windows 2000 administrators and engineers Edited by Tom Shinder, the best-selling author of Configuring ISA Server 2000 Unrivalled web support at www.solutions@syngress.com.</subfield>
  </datafield>
  <datafield tag="500" ind1=" " ind2=" ">
   <subfield code="a">Includes index.</subfield>
  </datafield>
  <datafield tag="630" ind1="0" ind2="0">
   <subfield code="a">Microsoft Windows (Computer file).</subfield>
  </datafield>
  <datafield tag="650" ind1=" " ind2="4">
   <subfield code="a">Operating systems (Computers).</subfield>
  </datafield>
  <datafield tag="655" ind1=" " ind2="4">
   <subfield code="a">Electronic books.</subfield>
  </datafield>
  <datafield tag="700" ind1="1" ind2=" ">
   <subfield code="a">Barber, Brian.</subfield>
  </datafield>
  <datafield tag="700" ind1="1" ind2=" ">
   <subfield code="a">Grasdal, Martin.</subfield>
  </datafield>
  <datafield tag="852" ind1=" " ind2=" ">
   <subfield code="a">INST</subfield>
   <subfield code="b">UNIPILB</subfield>
   <subfield code="c">EBOOKS</subfield>
   <subfield code="e">20140627</subfield>
   <subfield code="p">00b47679</subfield>
   <subfield code="q">00b47679</subfield>
   <subfield code="t">ONLINE</subfield>
   <subfield code="y">0</subfield>
  </datafield>
  <datafield tag="856" ind1="4" ind2="0">
   <subfield code="3">ScienceDirect</subfield>
   <subfield code="u">http://www.sciencedirect.com/science/book/9781928994800</subfield>
  </datafield>
  <datafield tag="856" ind1="4" ind2=" ">
   <subfield code="d">/webopac/covers/03/47679_9781928994800.jpg</subfield>
  </datafield>
  <datafield tag="856" ind1="4" ind2=" ">
   <subfield code="d">/webopac/covers/03/47679_1928994806.jpg</subfield>
  </datafield>
 </record>
</collection>
